Biggest U.S. Urban Areas - Statistics

General Stats
  • This quiz has been taken 43 times
    42 since last reset
  • The average score is 39 of 50
Answer Stats
Population Agglomeration % Correct
7.85 m Boston
100%
17.4 m Los Angeles
100%
22.6 m New York
100%
8.8 m Washington
100%
9.8 m Chicago
97%
7.55 m Houston
97%
6.7 m Miami
97%
7.7 m San Francisco
97%
8.1 m Dallas
95%
5.85 m Detroit
95%
7.65 m Philadelphia
95%
5.05 m Phoenix
95%
6.25 m Atlanta
92%
3.95 m Denver
92%
2.45 m San Antonio
92%
1.88 m Columbus
89%
4.025 m Orlando
89%
3.25 m San Diego
89%
4.625 m Seattle
89%
2.85 m Cincinnati
86%
2.2 m Jacksonville
86%
2.125 m Kansas City
86%
1.7 m Nashville
86%
2.475 m Portland
86%
5.15 m Tampa
86%
2.325 m Austin
84%
3.05 m Cleveland
84%
1.52 m Milwaukee
84%
3.275 m Minneapolis
84%
1.91 m Raleigh
84%
2.725 m Charlotte
81%
2.475 m Las Vegas
81%
1.14 m Memphis
81%
2.35 m St. Louis
81%
1.41 m Buffalo
78%
2.15 m Indianapolis
78%
1.23 m Oklahoma City
78%
2.05 m Pittsburgh
78%
2.175 m Sacramento
78%
1.16 m Richmond
70%
2.75 m Salt Lake City
70%
1.66 m Virginia Beach
65%
1.71 m Hartford
51%
1.2 m Greensboro
49%
1.38 m Harrisburg
35%
1.25 m Cape Coral
30%
1.28 m McAllen
27%
1.35 m Melbourne
22%
1.29 m Stockton
19%
1.05 m Greenville
11%
No matching quizzes found
Score Distribution
Percent of People with Each Score
Percentile by Number Answered
Your Score History
You have not taken this quiz since the last reset